Lynden Pindling Int. Airport Destinations (Nassau, Bahamas) - Map - Statistics

General Stats
  • This quiz has been taken 25 times
  • The average score is 34 of 59
Answers on the Map
Answers color-coded by a green-red scale on the quiz's map according to % correct below.
 
Answer Stats
Destination % Correct
Atlanta
100%
Boston
100%
Charlotte
100%
Chicago (O'Hare)
100%
Dallas/Fort Worth
100%
Denver
100%
Detroit
100%
Havana
100%
Houston (Intercontinental)
100%
Los Angeles
100%
Miami
100%
Minneapolis/St. Paul
100%
Montréal (Trudeau)
100%
New York (JFK)
100%
New York (LaGuardia)
100%
Orlando
100%
Ottawa
100%
Philadelphia
100%
Seattle/Tacoma
100%
Toronto (Pearson)
100%
Washington (Dulles)
100%
Washington (National)
100%
Calgary
93%
London (Heathrow)
93%
Newark
93%
Panama City (Tocumen)
93%
Tampa
93%
Fort Lauderdale
87%
Halifax
87%
Kingston (Norman Manley)
80%
Montego Bay
80%
Baltimore
73%
Grand Cayman
67%
Freeport
47%
Cap-Haïtien
40%
Providenciales
33%
Marsh Harbour
27%
North Eleuthera
27%
George Town
20%
Governor's Harbour
20%
San Andros
7%
San Salvador (Bahamas)
7%
Andros Town
0%
Black Point
0%
Colonel Hill
0%
Congo Town
0%
Deadman's Cay
0%
Duncan Town
0%
Great Harbour Cay
0%
Mangrove Cay
0%
Matthew Town
0%
Mayaguana
0%
New Bight
0%
Port Nelson
0%
Rock Sound
0%
South Bimini
0%
Spring Point
0%
Staniel Cay
0%
Stella Maris
0%
No matching quizzes found
Score Distribution
Percent of People with Each Score
Percentile by Number Answered
Your Score History
You have not taken this quiz